000
00206nam a22000857a 4500
001
1235345
005
20250930125450.0
245
_a
ÇALINAN KENT
_c
GÜLSEVİN KIRAL
260
_b
GÜNIŞIĞI KİTAPLIĞI YAYINLARI
999
_c
1235345
_d
1235345